Page design

Bibliographic Details
Main Author: Haller, Lynn
Format: Book
Published: Cincinnati, Ohio : North Light Books , C1998
Series:Creative edge series
Subjects:

MARC

LEADER 00000cam a2200000 7i4500
001 0000009930
005 20021120.0
020 |a 1581800649 
040 |a INS 
090 0 0 |a Z246.   |b H35 1998 
100 1 |a Haller, Lynn 
245 1 0 |a Page design   |c Lynn Haller 
260 |a Cincinnati, Ohio :   |b North Light Books ,   |c C1998 
300 |a 144p. ;   |c 28cm. 
440 0 |a Creative edge series 
650 0 0 |a Graphic design 
999 |a 0000009222   |b BOOK   |c Open Shelf   |e Default branch